00639nam a2200205 a 450000100060000000300090000600500170001500800410003203500180007304000230009104100080011408200280012224500940015024600450024424600270028926000420031630000200035865000290037870000260040757781BD-RJUL 20211209080542.0161211s1952 enk 100 0 eng  aBD-RJUL 57905 aDLCcXBMdm.cbeng aeng 223 a305.43 bREP 1952 04aThe report of a conference on the feminine point of view /cdrafted by Olwen W. Campbell.30aConference on the feminine point of view30aFeminine point of view aLondon :bWilliams & Norgate,c[1952] a60 p. ;c20 cm. 0aWomenxSocial conditions1 aCampbell, Olwen Ward.